Environment movement with special reference to water (Record no. 13682)
[ view plain ]
| 000 -LEADER | |
|---|---|
| fixed length control field | 00654nam a2200205Ia 4500 |
| 082 ## - DEWEY DECIMAL CLASSIFICATION NUMBER | |
| Classification number | TS.1060 |
| 100 ## - MAIN ENTRY--AUTHOR NAME | |
| Personal name | Singh, Dheerendra Pratap |
| 245 #0 - TITLE STATEMENT | |
| Title | Environment movement with special reference to water |
| 250 ## - EDITION STATEMENT | |
| Edition statement | Banaras Hindu Univer |
| 260 ## - PUBLICATION, DISTRIBUTION, ETC. (IMPRINT) | |
| Year of publication | 2010 |
| 300 ## - PHYSICAL DESCRIPTION | |
| Number of Pages | xiii, 197 |
| 504 ## - BIBLIOGRAPHY, ETC. NOTE | |
| Bibliography, etc | includes appendices and bibliography |
| 650 ## - SUBJECT ADDED ENTRY--TOPICAL TERM | |
| Topical Term | Environmental protection |
| Form subdivision | India |
| -- | Citizen participation |
| 650 ## - SUBJECT ADDED ENTRY--TOPICAL TERM | |
| Topical Term | Environmental policy |
| Geographic subdivision | India |
| 650 ## - SUBJECT ADDED ENTRY--TOPICAL TERM | |
| Topical Term | Water conservation |
| Geographic subdivision | India |
| 650 ## - SUBJECT ADDED ENTRY--TOPICAL TERM | |
| Topical Term | Water resources development |
| Form subdivision | Environmental aspects |
| 650 ## - SUBJECT ADDED ENTRY--TOPICAL TERM | |
| Topical Term | Johad movement |
| Geographic subdivision | India |
| 710 ## - ADDED ENTRY--CORPORATE NAME | |
| Corporate name or jurisdiction name as entry element | Chaturvedi, Manjeet Kumar |
| 942 ## - ADDED ENTRY ELEMENTS (KOHA) | |
| Koha item type | Thesis |
| Source of classification or shelving scheme | Dewey Decimal Classification |
| Withdrawn status | Lost status | Damaged status | Not for loan | Home library | Current library | Date acquired | Source of acquisition | Bill Date | Full call number | Accession Number | Price effective from | Koha item type |
|---|---|---|---|---|---|---|---|---|---|---|---|---|
| NASSDOC Library | NASSDOC Library | 27/07/2011 | Gifted by : Fellowship Division, ICSSR | 2011-07-04 | TS.1060 | 47379 | 18/04/2019 | Thesis |
